Loading...
Contemporary cultural theory/
| Main Author: | |
|---|---|
| Format: | Printed Book |
| Language: | English |
| Published: |
Jaipur:
Rawat Publications,
2018.
|
| LEADER | 00523nam a22001457a 4500 | ||
|---|---|---|---|
| 008 | 191204b ||||| |||| 00| 0 eng d | ||
| 999 | |c 346020 |d 346020 | ||
| 020 | |a 9788170337706 | ||
| 082 | |a 306 MIL/C | ||
| 100 | |a Milner, Andrew | ||
| 245 | |a Contemporary cultural theory/ |c Andrew Milner and Jeff Browitt | ||
| 260 | |a Jaipur: |b Rawat Publications, |c 2018. | ||
| 300 | |a 280p. | ||
| 942 | |c BK | ||
| 952 | |0 0 |1 0 |2 ddc |4 0 |6 306_000000000000000_MIL_C |7 0 |9 398349 |a ENG |b ENG |c ST1 |d 2019-12-04 |i 18525 |l 0 |o 306 MIL/C |p ENG18525 |r 2019-12-04 |w 2019-12-04 |y BK | ||